Myst Ages - Statistics

General Stats
  • This quiz has been taken 48 times
    39 since last reset
  • The average score is 10 of 39
Answer Stats
Ages % Correct
Myst
100%
Riven
71%
Earth
57%
J'nanin
43%
Mechanical
43%
Rime
43%
Stoneship
43%
Voltaic
43%
Age 233
29%
Amateria
29%
Channelwood
29%
Edanna
29%
Haven
29%
Narayan
29%
Releeshahn
29%
Relto
29%
Selenitic
29%
Spire
29%
Tay
29%
Ahnonay
14%
Ahnonay Cathedral
14%
Direbo
14%
Eder Gira
14%
Eder Kemo
14%
Eder Tsogal
14%
Er'cana
14%
Gahreesen
14%
Jalak Dador
14%
Kadish Tolesa
14%
Laki'ahn
14%
Minkata
14%
Nexus
14%
Noloben
14%
Serenia
14%
Tahgira
14%
Teledahn
14%
The Pod Age
14%
Todelmer
14%
Eder Delin
0%
No matching quizzes found
Score Distribution
Percent of People with Each Score
Percentile by Number Answered
Your Score History
You have not taken this quiz since the last reset